000 00403nam a2200169Ia 4500
005 20250423095145.0
008 250422s9999 xx 000 0 und d
020 _a0- 07- 035494- 4
050 _aTK 153 .K73/
100 _aPaul C. Krause
245 0 _aElectromechanical motion devices
260 _bMCGraw Hill
260 _c1989
300 _a432 p
650 _aMagnetic circuits
942 _cBK
999 _c29415
_d29415